| 000 | 02636nam a22001577a 4500 | ||
|---|---|---|---|
| 041 | _aukr | ||
| 080 | _a09 | ||
| 090 | _bЛОГ | ||
| 100 | _aЛогвина Марина Степанівна | ||
| 245 | _aЛінгвістичні особливості функціонування заголовків в американських публіцистичних текстах | ||
| 260 |
_aОстрог _bКАФ _c2013 |
||
| 300 | _a94 | ||
| 520 |
_aРозділ 1. Особливості публіцистичних текстів англомовної преси та їхніх заголовків.
1.1. Особливості публіцистичного стилю.
1.1.1. Публіцистичний стиль та його функціональна спрямованість.
1.1.2. Комунікативна мета публіцистичного стилю англомовних ЗМІ.
1.1.3. Лінгвістичні засоби підсилення виразності мови у публіцистичному дискурсі.
1.2. Заголовок, як важливий елемент публіцистичної статті.
1.2.1. Комунікативно-функціональні особливості газетних заголовків.
1.2.2. Структура та семантичні особливості заголовків англомовних газетних повідомлень.
1.2.3. Фразеологізми у заголовках англомовних ЗМІ та лексичні трансформації при їх перекладі.
Розділ 2. Лінгвістичний аналіз заголовків.
2.1. Лексичні особливості заголовків публіцистичних текстів.
2.2. Стилістичні особливості заголовків публіцистичних текстів.
2.3. Синтаксичні особливості заголовків публіцистичних текстів.
2.4. Граматичні особливості заголовків публіцистичних текстів.
Розділ 3. Охорона праці та безпека в надзвичайних ситуаціях.
3.1. Законодавча та нормативна база охорони праці в Україні.
3.2. Аналіз умов праці у галузі освіти.
3.3. Заходи, щодо оптимізації умов праці. _0Публіцистика, фразеологізми, стилістика |
||
| 650 | _aResearch Papers | ||
| 999 |
_c285159 _d285159 |
||
| 942 | _cBK | ||